[Event "Commonwealth-ch U12"]
[Site "New Delhi"]
[Date "2019.07.01"]
[Round "1.1"]
[White "Bang, Atharva"]
[Black "Pawar, Harshit"]
[Result "1/2-1/2"]
[WhiteElo "1446"]
[BlackElo "1917"]
[PlyCount "101"]
[EventDate "2019.07.01"]
[EventType "swiss"]
[EventRounds "7"]
[EventCountry "IND"]
[SourceTitle "EXT 2024"]
[Source "ChessBase"]
[SourceDate "2023.10.10"]
[SourceVersion "1"]
[SourceVersionDate "2023.10.10"]
[SourceQuality "1"]

1. Nf3 c5 2. b3 Nc6 3. Bb2 d5 4. e3 Bg4 5. d4 Nf6 6. Bd3 e6 7. 0-0 Bd6 8. Nbd2 0-0 9. a3 e5 10. dxe5 Bxe5 11. Bxe5 Nxe5 12. Be2 Nc6 13. h3 Bf5 14. Bd3 Qd7 15. Qe2 Rfe8 16. Rad1 d4 17. e4 Qc7 18. Rfe1 Bg6 19. Nh4 Re7 20. Nxg6 hxg6 21. g3 Rae8 22. f4 Qd7 23. Kh2 Nd5 24. Qf3 Ne3 25. Rc1 a6 26. Nc4 Nxc4 27. Bxc4 Na7 28. Rcd1 Nb5 29. Bxb5 axb5 30. c3 Re6 31. cxd4 cxd4 32. Qd3 Rd8 33. e5 Rc6 34. Re4 Rc3 35. Qxd4 Qxd4 36. Rexd4 Rxd4 37. Rxd4 Rxb3 38. Rb4 Rxa3 39. Rxb5 Ra7 40. Kg2 Kf8 41. Kf3 Ke8 42. Kg4 Kd7 43. Kg5 Kc6 44. Rb3 Ra5 45. g4 Rc5 46. h4 b5 47. h5 gxh5 48. Kxh5 Kd5 49. Rb4 Ke6 50. Kg5 Kd5 51. Kf5 1/2-1/2

[Event "Mumbai Wealth op U13 4th"]
[Site "Mumbai"]
[Date "2019.01.05"]
[Round "7"]
[White "Bang, Atharva"]
[Black "Srivatsan, Karthikeyan"]
[Result "0-1"]
[WhiteElo "1582"]
[BlackElo "1288"]
[PlyCount "122"]
[EventDate "2018.12.30"]
[EventType "swiss"]
[EventRounds "9"]
[EventCountry "IND"]
[SourceTitle "CBM 188 Extra"]
[Source "ChessBase"]
[SourceDate "2019.02.26"]
[SourceVersion "1"]
[SourceVersionDate "2019.02.26"]
[SourceQuality "1"]

1. d4 Nf6 2. Nf3 d5 3. e3 e6 4. Bd3 Be7 5. 0-0 0-0 6. b3 b6 7. Bb2 Bb7 8. Nbd2 Nbd7 9. Ne5 c5 10. f4 Ne4 11. Bxe4 dxe4 12. Nxd7 Qxd7 13. Qe2 Bf6 14. Nc4 cxd4 15. Rfd1 Qc6 16. Bxd4 Bxd4 17. Rxd4 Ba6 18. Ne5 Qc3 19. Qe1 Qxc2 20. Rd2 Qc3 21. Rc1 Qa5 22. Nc6 Qa3 23. Qd1 Bb7 24. Ne5 Bd5 25. Qc2 Qa6 26. Nc6 Bxc6 27. b4 Bd5 28. Qb2 Rac8 29. Rdc2 Rxc2 30. Rxc2 Qd3 31. Qc1 h6 32. Qd2 Qxd2 33. Rxd2 Rc8 34. Kf2 Rc3 35. f5 Ra3 36. fxe6 Bxe6 37. Rd8+ Kh7 38. Rd4 Rxa2+ 39. Kg3 Bf5 40. h3 Re2 41. Kf4 Bg6 42. g4 Rf2+ 43. Kg3 Rf3+ 44. Kg2 Rxe3 45. h4 h5 46. gxh5 Bxh5 47. Kf2 Rf3+ 48. Ke1 e3 49. Re4 Rh3 50. Rf4 Rh1+ 51. Rf1 Rxf1+ 52. Kxf1 f5 53. b5 f4 54. Ke1 Kg6 55. Kf1 Kf5 56. Kg2 f3+ 57. Kf1 Ke4 58. Ke1 Kd3 59. Kd1 f2+ 60. Kc1 f1Q+ 61. Kb2 Qd1 0-1

[Event "Mumbai Wealth op U13 4th"]
[Site "Mumbai"]
[Date "2019.01.01"]
[Round "3"]
[White "Bang, Atharva"]
[Black "Tikam, Aradhya"]
[Result "1-0"]
[WhiteElo "1582"]
[BlackElo "1332"]
[PlyCount "83"]
[EventDate "2018.12.30"]
[EventType "swiss"]
[EventRounds "9"]
[EventCountry "IND"]
[SourceTitle "CBM 188 Extra"]
[Source "ChessBase"]
[SourceDate "2019.02.26"]
[SourceVersion "1"]
[SourceVersionDate "2019.02.26"]
[SourceQuality "1"]

1. Nf3 Nf6 2. e3 e6 3. b3 b6 4. Bb2 Bb7 5. d4 d5 6. Bd3 c5 7. Nbd2 Nc6 8. 0-0 Rc8 9. a3 Na5 10. Ne5 Nd7 11. Qe2 Qc7 12. Bb5 Nc6 13. f4 Be7 14. Ndf3 f6 15. Nxd7 Qxd7 16. Nh4 g6 17. Nf3 Ra8 18. Rad1 a6 19. Bd3 0-0 20. dxc5 bxc5 21. c4 Qe8 22. f5 exf5 23. cxd5 Nb8 24. d6 Bd8 25. Bc4+ Kg7 26. d7 Nxd7 27. Ng5 Kh8 28. Ne6 Nb6 29. Nxf8 Nxc4 30. Qxc4 Qxf8 31. Qe6 Be7 32. Rd7 Bc8 33. Qxe7 Bxd7 34. Bxf6+ Kg8 35. Qxd7 Rb8 36. Qd5+ Qf7 37. Qxf7+ Kxf7 38. Bg5 Rxb3 39. Rc1 Rb5 40. a4 Ra5 41. Rc4 Ke8 42. Bf6 1-0

[Event "Mumbai Wealth op 3rd"]
[Site "Mumbai"]
[Date "2018.01.01"]
[Round "3"]
[White "Bang, Atharva"]
[Black "Mohamed, Anees M"]
[Result "0-1"]
[WhiteElo "1409"]
[BlackElo "1960"]
[PlyCount "90"]
[EventDate "2017.12.30"]
[EventType "swiss"]
[EventRounds "9"]
[EventCountry "IND"]
[SourceTitle "CBM 182 Extra"]
[Source "ChessBase"]
[SourceDate "2018.02.23"]
[SourceVersion "1"]
[SourceVersionDate "2018.02.23"]
[SourceQuality "1"]

1. d4 Nf6 2. Nf3 e6 3. Bf4 d5 4. e3 Be7 5. Bd3 b6 6. 0-0 Bb7 7. h3 0-0 8. c4 Nbd7 9. Nc3 c5 10. Rc1 Ne4 11. a3 Rc8 12. Nd2 Nxd2 13. Qxd2 cxd4 14. exd4 dxc4 15. Be4 Bxe4 16. Nxe4 Nf6 17. Nc3 Nd5 18. Nxd5 Qxd5 19. Rfd1 Bf6 20. Qc3 Rfd8 21. Be3 h6 22. Rd2 Qb5 23. g3 a5 24. h4 Qa4 25. Qc2 Qb3 26. Qd1 Qxd1+ 27. Rdxd1 a4 28. Kg2 Rd5 29. Kf3 b5 30. Ke4 Rcd8 31. Rd2 Be7 32. Rdc2 f5+ 33. Kf3 Bf6 34. Rd2 Bxd4 35. Rcd1 Bxe3 36. Rxd5 Rxd5 37. Rxd5 exd5 38. Kxe3 b4 39. axb4 c3 40. Kd3 cxb2 41. Kc2 Kf7 42. Kxb2 d4 43. b5 Ke7 44. b6 Kd7 45. b7 Kc7 0-1